| 000 | 01917nam a2200529 i 4500 | ||
|---|---|---|---|
| 001 | 25912 | ||
| 003 | KOSZ 005 | ||
| 005 | 20200817130919.0 | ||
| 008 | 200817s1973 pl a f 000 0 pol | ||
| 015 | _aUWD B 1973/373 | ||
| 035 | _a991035733659705066 | ||
| 035 | _a(PL-WaBN)b19609097-48omnis_nlop | ||
| 035 | _ab19609097 | ||
| 035 | _a(OCoLC)830856120 | ||
| 035 | _a(PL)b0000001960909 | ||
| 035 | _a(EXLNZ-48OMNIS_NETWORK)9910526275605606 | ||
| 040 |
_aWA N _cWA N _dKOSZ 005/RW |
||
| 046 | _k1973 | ||
| 080 | _a621.382 | ||
| 080 | _a621.37 | ||
| 100 | 1 |
_aKlamka, Jerzy Władysław _d(1931- ) _eAutor |
|
| 245 | 1 | 0 |
_aStan badań i kierunki rozwoju mikrofalowych przyrządów półprzewodnikowych na świecie i w kraju : _b1972 / _cJerzy Klamka. |
| 260 |
_aWarszawa : _b"Wema", _c1973. |
||
| 300 |
_a44 strony : _bilustracje ; _c24 cm. |
||
| 336 |
_aTekst _btxt _2rdacontent |
||
| 337 |
_aBez urządzenia pośredniczącego _bn _2rdamedia |
||
| 338 |
_aWolumin _bnc _2rdacarrier |
||
| 380 | _aKsiążki | ||
| 380 | _aPublikacje fachowe | ||
| 388 | 1 | _a1901-2000 | |
| 388 | 1 | _a1945-1989 | |
| 490 | 1 |
_aPrace ITE / Instytut Technologii Elekronowej przy Naukowo-Produkcyjnym Centrum Półprzewodników, _x 0079-3248 ; _vVI, 6 |
|
| 500 | _aNa prawach rękopisu. | ||
| 504 | _aBibliografia na stronach 41-44. | ||
| 506 | _aDo użytku wewnętrznego. | ||
| 650 | 7 | _aPółprzewodniki | |
| 650 | 7 | _aMikrofale | |
| 650 | 7 | _aUrządzenia | |
| 650 | 7 | _aZastosowanie i wykorzystanie | |
| 655 | 7 | _aOpracowanie | |
| 658 | _aInżynieria i technika | ||
| 710 | 2 |
_aWydawnictwa Przemysłu Maszynowego "Wema" _4pbl |
|
| 830 | 0 |
_aPrace Instytutu Technologii Elektronowej CEMI _vVI, 6. |
|
| 856 |
_uhttp://koha.tu.koszalin.pl/cgi-bin/koha/opac-detail.pl?biblionumber=25912 _yKatalog online BPK |
||
| 942 |
_2UKD _cKS |
||
| 999 |
_c25912 _d25912 |
||